Тенденции и закономерности развития предприятий высокотехнологичных отраслей российской экономики (2013-2020 гг.): монография

Dettagli Bibliografici
Ente Autore: Национальный исследовательский Томский политехнический университет
Altri autori: Спицын В. В. Владислав Владимирович, Рыжкова М. В. Марина Вячеславовна, Скрыльникова Н. А. Наталья Александровна, Михальчук А. А. Александр Александрович, Спицына Л. Ю. Любовь Юрьевна, Хижняк А. В. Алина Викторовна
Riassunto:Авт. указаны на обороте тит. л.
Монография посвящена исследованию тенденций и закономерностей развития высокотехнологичных отраслей России. На основе систематизации мирового и российского опыта определены источники и драйверы развития предприятий этих отраслей в России. Выполнено регрессионное моделирование влияния внутренних и внешних факторов на финансовые показатели предприятий. Выявлены тенденции и закономерности развития предприятий-участников рейтинга "ТехУспех" и быстрорастущих высокотехнологичных предприятий. Сформированы рекомендации по совершенствованию механизмов стимулирования развития высокотехнологичного бизнеса в России. Монография представляет интерес для широкого круга читателей - представителей органов исполнительной и законодательной власти, предпринимателей, аспирантов и студентов различных направлении подготовки.
Lingua:russo
Pubblicazione: Томск, Изд-во ТПУ, 2021
Soggetti:
Natura: Libro
KOHA link:https://koha.lib.tpu.ru/cgi-bin/koha/opac-detail.pl?biblionumber=347371

MARC

LEADER 00000nam0a2200000 4500
001 347371
005 20240209133305.0
010 |a 9785438710394 
035 |a (RuTPU)RU\TPU\book\379264 
090 |a 347371 
100 |a 20220329d2021 k y0rusy50 ca 
101 0 |a rus 
102 |a RU 
105 |a y z 001zy 
200 1 |a Тенденции и закономерности развития предприятий высокотехнологичных отраслей российской экономики (2013-2020 гг.)  |e монография  |f В. В. Спицын, М. В. Рыжкова, Н. А. Скрыльникова [и др.]  |g Национальный исследовательский Томский политехнический университет 
210 |a Томск  |c Изд-во ТПУ  |d 2021 
215 |a 204 с. 
300 |a Авт. указаны на обороте тит. л. 
320 |a Библиогр.: с. 184-201 
330 |a Монография посвящена исследованию тенденций и закономерностей развития высокотехнологичных отраслей России. На основе систематизации мирового и российского опыта определены источники и драйверы развития предприятий этих отраслей в России. Выполнено регрессионное моделирование влияния внутренних и внешних факторов на финансовые показатели предприятий. Выявлены тенденции и закономерности развития предприятий-участников рейтинга "ТехУспех" и быстрорастущих высокотехнологичных предприятий. Сформированы рекомендации по совершенствованию механизмов стимулирования развития высокотехнологичного бизнеса в России. Монография представляет интерес для широкого круга читателей - представителей органов исполнительной и законодательной власти, предпринимателей, аспирантов и студентов различных направлении подготовки. 
452 1 |0 (RuTPU)RU\TPU\book\378871  |t Тенденции и закономерности развития предприятий высокотехнологичных отраслей российской экономики (2013-2020 гг.)  |o монография  |f В. В. Спицын, М. В. Рыжкова, Н. А. Скрыльникова [и др.]  |g Национальный исследовательский Томский политехнический университет (ТПУ)  |c Томск  |n Изд-во ТПУ  |d 2021 
606 1 |a Высокие технологии  |x Общие вопросы  |2 stltpush  |3 (RuTPU)RU\TPU\subj\67422  |9 83235 
610 1 |a экономика 
610 1 |a высокотехнологические отрасли 
610 1 |a Россия 
610 1 |a высокотехнологичные предприятия 
610 1 |a развитие 
610 1 |a стратегии 
610 1 |a финансы 
610 1 |a регрессионное моделирование 
610 1 |a финансовые показатели 
610 1 |a стимулирование 
610 1 |a территориальное развитие 
610 1 |a эконометрическое моделирование 
610 1 |a рентабельность 
610 1 |a технологические лидеры 
610 1 |a мониторинг 
610 1 |a 21 век 
610 1 |a экономические санкции 
610 1 |a монографии 
610 1 |a труды учёных ТПУ 
686 |a У9(2)0-551  |2 rubbk 
701 1 |a Спицын  |b В. В.  |c экономист  |c доцент Томского политехнического университета, кандидат экономических наук  |f 1976-  |g Владислав Владимирович  |3 (RuTPU)RU\TPU\pers\22756  |9 9787 
701 1 |a Рыжкова  |b М. В.  |c экономист  |c профессор Томского политехнического университета, доктор наук  |f 1977-  |g Марина Вячеславовна  |3 (RuTPU)RU\TPU\pers\25999  |9 11848 
701 1 |a Скрыльникова  |b Н. А.  |g Наталья Александровна 
701 1 |a Михальчук  |b А. А.  |c математик  |c доцент Томского политехнического университета, кандидат физико-математических наук  |f 1954-  |g Александр Александрович  |3 (RuTPU)RU\TPU\pers\27011 
701 1 |a Спицына  |b Л. Ю.  |c экономист  |c доцент Томского политехнического университета, кандидат экономических наук  |f 1976-  |g Любовь Юрьевна  |3 (RuTPU)RU\TPU\pers\31992  |9 16052 
701 1 |a Хижняк  |b А. В.  |g Алина Викторовна 
712 0 2 |a Национальный исследовательский Томский политехнический университет  |c (2009- )  |3 (RuTPU)RU\TPU\col\15902  |9 26305 
801 1 |a RU  |b 63413507  |c 20220329 
801 2 |a RU  |b 63413507  |c 20220926  |g RCR 
942 |c BK